000 00525nam a2200169 i 4500
001 30130
003 ES-MaACL
005 20230906154137.0
007 t|
008 030123s1960 sp ||||1| spa d
100 1 _aBars, Henry.
_926091
245 1 0 _aCreer o El Amén de la salvación /
_cHenry Bars ; traducción española de Marciano Villanueva Salas.
260 _aMadrid :
_bStudium,
_c[1960] (
_fHalar)
300 _a187 p. ;
_c19 cm.
700 1 _aVillanueva, Marciano.
_9115029
852 _aES-MaACL
_jC-18712
_bR.47024
999 _c30130
_d30130